[Event "Belgrade Serbia op"]
[Site "Belgrade"]
[Date "2023.07.20"]
[Round "5"]
[White "Harshad, S."]
[Black "Shohat, Yotam"]
[Result "1-0"]
[WhiteElo "2222"]
[BlackElo "2363"]
[PlyCount "105"]
[EventDate "2023.07.16"]
[EventType "swiss"]
[EventRounds "9"]
[EventCountry "SRB"]
[SourceTitle "CBM 215 Extra"]
[Source "ChessBase"]
[SourceDate "2023.09.30"]
[SourceVersion "1"]
[SourceVersionDate "2023.09.30"]
[SourceQuality "1"]

1. e4 c5 2. Nf3 d6 3. d4 cxd4 4. Nxd4 Nf6 5. Nc3 a6 6. h3 g6 7. Be3 Bg7 8. Qd2 0-0 9. f3 b5 10. 0-0-0 Bb7 11. h4 b4 12. Nce2 Qa5 13. Kb1 h5 14. Bh6 Nbd7 15. g4 Bh8 16. Bxf8 Kxf8 17. Ng3 Rc8 18. gxh5 Nxh5 19. Nxh5 Qxh5 20. Bh3 Rc4 21. Qg5 Nb6 22. Qxh5 gxh5 23. Ne2 Rc5 24. b3 a5 25. Nf4 Bc3 26. Bf1 Bf6 27. Bg2 Bc3 28. Nd3 Rc7 29. f4 f5 30. Nf2 Nd7 31. Rh2 Nf6 32. exf5 Bc8 33. Be4 Rc5 34. Rg2 Bxf5 35. Bd3 Bxd3 36. Nxd3 Rc7 37. Rg5 Ra7 38. Nb2 Ne4 39. Rxh5 Bf6 40. Na4 Kf7 41. Rg1 Nd2+ 42. Kc1 Nf3 43. Rg4 Ra6 44. Kd1 Ke6 45. Ke2 Nd4+ 46. Kd3 Nf5 47. c4 bxc3 48. Nxc3 d5 49. Rg2 Bxc3 50. Kxc3 Rc6+ 51. Kd3 Rc1 52. Rgg5 Nd6 53. Re5+ 1-0

[Event "Belgrade Serbia op"]
[Site "Belgrade"]
[Date "2023.07.17"]
[Round "2"]
[White "Tsvetkov, Andrey1111"]
[Black "Harshad, S."]
[Result "1/2-1/2"]
[WhiteElo "2412"]
[BlackElo "2222"]
[PlyCount "67"]
[EventDate "2023.07.16"]
[EventType "swiss"]
[EventRounds "9"]
[EventCountry "SRB"]
[SourceTitle "CBM 215 Extra"]
[Source "ChessBase"]
[SourceDate "2023.09.30"]
[SourceVersion "1"]
[SourceVersionDate "2023.09.30"]
[SourceQuality "1"]

1. d4 Nf6 2. c4 e6 3. Nc3 Bb4 4. e3 0-0 5. Bd2 d5 6. Nf3 b6 7. cxd5 exd5 8. Ne5 Bd6 9. Bd3 c5 10. 0-0 Bb7 11. f4 Nc6 12. Ne2 Ne4 13. Bc3 Ne7 14. Ng3 f5 15. Qh5 Qe8 16. Qe2 c4 17. Bxe4 fxe4 18. f5 Bc8 19. f6 gxf6 20. Nh5 Bf5 21. g4 fxe5 22. gxf5 Nxf5 23. Kh1 Kh8 24. Rad1 Rd8 25. Qg4 Qg6 26. Qh3 exd4 27. Rxd4 Be5 28. Rxc4 Bxc3 29. Rxc3 Ng7 30. Nf4 Qf5 31. Qh4 Qf6 32. Qg4 Qf5 33. Qg2 Ne6 34. Rcc1 1/2-1/2

[Event "Belgrade Serbia op"]
[Site "Belgrade"]
[Date "2023.07.16"]
[Round "1"]
[White "Harshad, S."]
[Black "Drazic, Sinisa"]
[Result "1-0"]
[WhiteElo "2222"]
[BlackElo "2374"]
[PlyCount "73"]
[EventDate "2023.07.16"]
[EventType "swiss"]
[EventRounds "9"]
[EventCountry "SRB"]
[SourceTitle "CBM 215 Extra"]
[Source "ChessBase"]
[SourceDate "2023.09.30"]
[SourceVersion "1"]
[SourceVersionDate "2023.09.30"]
[SourceQuality "1"]

1. e4 Nf6 2. e5 Nd5 3. d4 d6 4. c4 Nb6 5. f4 g6 6. Nc3 Bg7 7. Be3 0-0 8. Nf3 c6 9. Bd3 Na6 10. 0-0 d5 11. c5 Nc4 12. Bc1 b6 13. b3 Na5 14. Be3 f6 15. Qd2 Nc7 16. Na4 Nb5 17. h4 Bf5 18. Bxf5 gxf5 19. Qd3 e6 20. g3 Rf7 21. Rac1 Qc7 22. Kh2 Nb7 23. Rf2 Nd8 24. Rg1 h5 25. exf6 Rxf6 26. Ne5 Rh6 27. Rc1 bxc5 28. Nxc5 Nd6 29. Rfc2 Ne4 30. Nxe4 fxe4 31. Qe2 Rc8 32. b4 Bf8 33. b5 Ba3 34. Rf1 Qb7 35. f5 cxb5 36. Rxc8 Qxc8 37. Bxh6 1-0

[Event "Maharashtra op 2nd"]
[Site "Nagpur"]
[Date "2023.06.05"]
[Round "7"]
[White "Harshad, S."]
[Black "Fedorov, Alexei"]
[Result "0-1"]
[WhiteElo "2255"]
[BlackElo "2452"]
[PlyCount "68"]
[EventDate "2023.06.01"]
[EventType "swiss"]
[EventRounds "11"]
[EventCountry "IND"]
[SourceTitle "CBM 214 Extra"]
[Source "ChessBase"]
[SourceDate "2023.07.31"]
[SourceVersion "1"]
[SourceVersionDate "2023.07.31"]
[SourceQuality "1"]

1. e4 c5 2. c3 Nf6 3. e5 Nd5 4. Nf3 e6 5. Bc4 d6 6. 0-0 Nc6 7. d4 cxd4 8. cxd4 Be7 9. Qe2 0-0 10. Nc3 dxe5 11. dxe5 Nxc3 12. bxc3 b6 13. Qe4 Qc7 14. Bd3 g6 15. Bh6 Rd8 16. Rac1 Bb7 17. Bb1 Na5 18. Qf4 Bxf3 19. gxf3 Nc4 20. Rfe1 Rac8 21. Qg3 Nd2 22. Be4 Qc4 23. h4 Nxe4 24. Rxe4 Qxa2 25. h5 Rc4 26. Bg5 Rxe4 27. Bxe7 Rd3 28. Kg2 Qe2 29. Bf6 Rxf3 30. Qxf3 Rg4+ 31. Qxg4 Qxg4+ 32. Kf1 Qxh5 33. Ke1 g5 34. Rd1 h6 0-1

[Event "Titled Tuesday intern op 18th Apr Early"]
[Site "Chess.com INT"]
[Date "2023.04.18"]
[Round "11"]
[White "Harshad, S."]
[Black "Indjic, Aleksandar"]
[Result "1-0"]
[WhiteElo "2255"]
[BlackElo "2618"]
[PlyCount "111"]
[EventDate "2023.04.18"]
[EventType "swiss (blitz)"]
[EventRounds "11"]
[EventCountry "USA"]
[SourceTitle "EXT 2024"]
[Source "ChessBase"]
[SourceDate "2023.10.10"]
[SourceVersion "1"]
[SourceVersionDate "2023.10.10"]
[SourceQuality "1"]

1. e4 a6 2. d4 d6 3. Nf3 g6 4. Be3 Bg7 5. Bd3 Nd7 6. 0-0 e6 7. c4 b6 8. Nc3 Bb7 9. Nd2 c5 10. d5 e5 11. a3 Ngf6 12. b4 h5 13. h3 h4 14. Rb1 Qc7 15. Na4 Bc8 16. Nf3 Bh6 17. Qd2 Bxe3 18. fxe3 Qd8 19. Qf2 Kf8 20. Nxh4 Kg7 21. Nf3 a5 22. bxc5 Nxc5 23. Nxc5 bxc5 24. Nd2 Rf8 25. Rfc1 Nh7 26. Nf1 a4 27. Ng3 Kh8 28. Rb5 Ba6 29. Rb2 Rb8 30. Rcb1 Rxb2 31. Qxb2 Qg5 32. Nf1 Bc8 33. Kh1 Qf6 34. Qe2 Ng5 35. Kg1 Kg7 36. Ng3 Rh8 37. Rf1 Qe7 38. Bc2 Bd7 39. Qd2 f6 40. Qe2 Rh4 41. Rb1 Kh6 42. Qf2 Kh7 43. Nf5 gxf5 44. Qxh4+ Kg7 45. exf5 Bc8 46. Rb8 Qc7 47. Rb1 Qa5 48. Qf2 Qc3 49. h4 Nf7 50. Bxa4 Qxc4 51. Bb3 Qg4 52. Rf1 Nh6 53. Bd1 Qc4 54. Qg3+ Kf8 55. Qg6 Nf7 56. Bh5 1-0

[Event "Titled Tuesday intern op 18th Apr Early"]
[Site "Chess.com INT"]
[Date "2023.04.18"]
[Round "3"]
[White "Kamsky, Gata"]
[Black "Harshad, S."]
[Result "1-0"]
[WhiteElo "2665"]
[BlackElo "2255"]
[PlyCount "141"]
[EventDate "2023.04.18"]
[EventType "swiss (blitz)"]
[EventRounds "11"]
[EventCountry "USA"]
[SourceTitle "EXT 2024"]
[Source "ChessBase"]
[SourceDate "2023.10.10"]
[SourceVersion "1"]
[SourceVersionDate "2023.10.10"]
[SourceQuality "1"]

1. d4 Nf6 2. Nf3 d5 3. Bf4 c5 4. e3 Nc6 5. c3 Qb6 6. Qb3 c4 7. Qc2 Bf5 8. Qc1 Nh5 9. Bg3 Nxg3 10. hxg3 h6 11. Nbd2 e6 12. Be2 Bd6 13. Bd1 e5 14. dxe5 Nxe5 15. Nxe5 Bxe5 16. Nf3 Bf6 17. Bc2 Bxc2 18. Qxc2 0-0-0 19. 0-0 Kb8 20. Rfd1 g6 21. Rd2 Rd7 22. Rad1 Rhd8 23. Nd4 h5 24. Ne2 Be5 25. Nf4 Qc6 26. Rc1 Qf6 27. Qd1 Qc6 28. Qf3 Ka8 29. Rcd1 Bxf4 30. gxf4 Qe6 31. Rd4 f5 32. b3 cxb3 33. axb3 a6 34. Qe2 Qc6 35. Qd3 Rc8 36. Rc1 Kb8 37. Qd2 Rcc7 38. Rd3 Qe6 39. Rd1 Qb6 40. c4 Rd6 41. cxd5 Qb5 42. Qb2 Ka7 43. b4 Rcd7 44. Qd4+ Qb6 45. Kh2 Qxd4 46. Rxd4 Kb6 47. Kg3 Kb5 48. Kh4 b6 49. Kg5 a5 50. bxa5 bxa5 51. g3 Ka6 52. Rc1 Kb5 53. Rb1+ Ka6 54. Ra1 Rxd5 55. Rxd5 Rxd5 56. Kxg6 Rd2 57. Kxf5 Kb5 58. e4 a4 59. e5 Kb4 60. e6 a3 61. e7 Re2 62. Kf6 Kb3 63. Kf7 Kb2 64. Rxa3 Kxa3 65. e8Q Rxe8 66. Kxe8 Kb3 67. f5 Kc3 68. f6 Kd3 69. f7 Ke2 70. f8Q h4 71. gxh4 1-0

[Event "Rilton Cup 50th"]
[Site "Stockholm"]
[Date "2022.12.31"]
[Round "5"]
[White "Crevatin, Leo"]
[Black "Harshad, S."]
[Result "1/2-1/2"]
[WhiteElo "2319"]
[BlackElo "2202"]
[PlyCount "58"]
[EventDate "2022.12.27"]
[EventType "swiss"]
[EventRounds "9"]
[EventCountry "SWE"]
[SourceTitle "CBM 212 Extra"]
[Source "ChessBase"]
[SourceDate "2023.03.31"]
[SourceVersion "1"]
[SourceVersionDate "2023.03.31"]
[SourceQuality "1"]

1. d4 Nf6 2. c4 e6 3. Nc3 Bb4 4. e3 0-0 5. Bd2 d5 6. Nf3 b6 7. cxd5 exd5 8. Rc1 c5 9. Bd3 Nc6 10. 0-0 Bg4 11. Qa4 Bxf3 12. Qxc6 Bg4 13. a3 Bxc3 14. Bxc3 Qd7 15. Qxd7 Nxd7 16. f3 Be6 17. Rfe1 c4 18. Bc2 f5 19. Bb4 Rf7 20. Bd6 b5 21. h3 Nb6 22. Bc5 Rc8 23. Bxb6 axb6 24. Bb1 Re7 25. Rc3 Rd8 26. Kf2 g6 27. Bc2 Kg7 28. Bb1 Rf7 29. f4 h5 1/2-1/2

[Event "Sitges Sunway op 9th"]
[Site "Sitges"]
[Date "2022.12.17"]
[Round "6"]
[White "Boyer, Mahel"]
[Black "Harshad, S."]
[Result "0-1"]
[WhiteElo "2434"]
[BlackElo "2202"]
[PlyCount "104"]
[EventDate "2022.12.12"]
[EventType "swiss"]
[EventRounds "10"]
[EventCountry "ESP"]
[SourceTitle "CBM 211 Extra"]
[Source "ChessBase"]
[SourceDate "2023.01.31"]
[SourceVersion "1"]
[SourceVersionDate "2023.01.31"]
[SourceQuality "1"]

1. e4 c5 2. Nf3 d6 3. d4 cxd4 4. Nxd4 Nf6 5. Nc3 a6 6. Rg1 e5 7. Nb3 Be6 8. g4 d5 9. exd5 Nxd5 10. Nxd5 Qxd5 11. Qxd5 Bxd5 12. Be3 Nc6 13. 0-0-0 0-0-0 14. Bb6 Rd6 15. Rg3 Be6 16. Nc5 Rxd1+ 17. Kxd1 Bxc5 18. Bxc5 Kc7 19. h3 g6 20. Bg2 Rd8+ 21. Kc1 Bd5 22. Bf1 f5 23. gxf5 gxf5 24. Rg7+ Rd7 25. Rg5 Bf3 26. Bd3 f4 27. b3 e4 28. Bc4 b6 29. Bf8 e3 30. fxe3 Rd1+ 31. Kb2 fxe3 32. Rg7+ Kb8 33. Bxa6 e2 34. Rb7+ Ka8 35. Bxe2 Kxb7 36. Bxf3 Rf1 37. Bxc6+ Kxc6 38. Be7 h6 39. Bd8 Rf8 40. Be7 Rf4 41. Bd8 b5 42. Kc3 Rf3+ 43. Kb4 Rxh3 44. c4 bxc4 45. Kxc4 h5 46. b4 h4 47. b5+ Kd7 48. Bf6 Ra3 49. Kb4 h3 50. Kxa3 h2 51. Bd4 h1Q 52. Kb3 Qd5+ 0-1

[Event "Benidorm op-A"]
[Site "Benidorm"]
[Date "2022.12.05"]
[Round "3"]
[White "Harshad, S."]
[Black "Ajay, Karthikeyan"]
[Result "1/2-1/2"]
[WhiteElo "2202"]
[BlackElo "2430"]
[PlyCount "139"]
[EventDate "2022.12.03"]
[EventType "swiss"]
[EventRounds "9"]
[EventCountry "ESP"]
[SourceTitle "CBM 211 Extra"]
[Source "ChessBase"]
[SourceDate "2023.01.31"]
[SourceVersion "1"]
[SourceVersionDate "2023.01.31"]
[SourceQuality "1"]

1. e4 e5 2. Nf3 Nc6 3. Bb5 a6 4. Ba4 Nf6 5. 0-0 Bc5 6. c3 b5 7. Bb3 d6 8. a4 Bb7 9. d4 Bb6 10. h3 0-0 11. Re1 h6 12. Be3 exd4 13. cxd4 Na5 14. d5 c5 15. Nbd2 c4 16. Bc2 b4 17. Rc1 Rc8 18. Nf1 Re8 19. g4 Bxe3 20. Rxe3 Qb6 21. g5 hxg5 22. Nxg5 Re5 23. Rg3 b3 24. Bb1 c3 25. Rcxc3 Rxc3 26. bxc3 Nc4 27. Nd2 Bxd5 28. exd5 Rxd5 29. Ngf3 Nxd2 30. Nxd2 b2 31. Qf3 Kf8 32. Nc4 Qb3 33. Ne3 Re5 34. Qc6 Ne8 35. Qxa6 Qxc3 36. Qd3 Qxd3 37. Bxd3 Rc5 38. Kh2 Rc1 39. Rg1 Nc7 40. a5 d5 41. Nf5 Nb5 42. a6 Nc3 43. Nd6 Ra1 44. Nc8 Ke8 45. a7 Kd8 46. Nd6 Rxa7 47. Rxg7 Rd7 48. Rg8+ Ke7 49. Nc8+ Kf6 50. h4 d4 51. Rg1 Rb7 52. Nd6 b1Q 53. Bxb1 Rxb1 54. Rg3 Ke6 55. Nc8 Ne4 56. Rf3 f6 57. Na7 Kd5 58. Nc8 Ke5 59. Ne7 Rb7 60. Ng6+ Kd5 61. h5 Rh7 62. Nf4+ Kc4 63. Ra3 Rd7 64. f3 Nc5 65. Kg3 d3 66. Ng2 d2 67. Ne3+ Kb4 68. Ra1 Kc3 69. h6 Kd3 70. Kf2 1/2-1/2

[Event "Benidorm op-A"]
[Site "Benidorm"]
[Date "2022.12.04"]
[Round "2"]
[White "Nandhidhaa, PV."]
[Black "Harshad, S."]
[Result "1/2-1/2"]
[WhiteElo "2358"]
[BlackElo "2202"]
[PlyCount "135"]
[EventDate "2022.12.03"]
[EventType "swiss"]
[EventRounds "9"]
[EventCountry "ESP"]
[SourceTitle "EXT 2024"]
[Source "ChessBase"]
[SourceDate "2023.10.10"]
[SourceVersion "1"]
[SourceVersionDate "2023.10.10"]
[SourceQuality "1"]

1. e4 c5 2. Nf3 d6 3. d4 cxd4 4. Nxd4 Nf6 5. Nc3 a6 6. g3 e5 7. Nb3 Be7 8. Bg5 Nbd7 9. a4 b6 10. Bc4 Bb7 11. Nd2 0-0 12. 0-0 h6 13. Be3 Qc7 14. Qe2 Rfd8 15. Rfd1 Nc5 16. Bxc5 Qxc5 17. Nb3 Qc7 18. Nd5 Bxd5 19. Bxd5 Rac8 20. c3 Nxd5 21. Rxd5 Qc4 22. Qxc4 Rxc4 23. Nd2 Rc6 24. h4 g6 25. Nf1 f5 26. exf5 gxf5 27. Ne3 Rf8 28. f4 exf4 29. Nxf5 Bf6 30. g4 Kh7 31. Kf2 Rc5 32. Rxc5 bxc5 33. Nxd6 Bxh4+ 34. Kf3 Bg5 35. Ne4 Rb8 36. Rh1 Kg6 37. Rh2 c4 38. Rd2 Rb7 39. Nd6 Rc7 40. Rd4 Re7 41. Nxc4 Re1 42. Rd6+ Kg7 43. Rxa6 Rh1 44. Nd6 Rh3+ 45. Kg2 Rg3+ 46. Kf2 Rxg4 47. Nf5+ Kh7 48. a5 f3 49. Nd4 Rg2+ 50. Kxf3 Rxb2 51. Rb6 Rd2 52. Ke4 Ra2 53. a6 h5 54. Kf5 Be3 55. Rb7+ Kh6 56. a7 Ra5+ 57. Ke4 Bf2 58. Rb6+ Kh7 59. Rb7+ Kg6 60. Nc6 Ra4+ 61. Kf3 Bc5 62. Rc7 Bb6 63. Rd7 Ra3 64. Ne5+ Kf5 65. Nc4 Rxc3+ 66. Kg2 Bxa7 67. Nd6+ Ke6 68. Rxa7 1/2-1/2